000
00299nam a2200133Ia 4500
100
_a
Schlieve/ Paul/L.
942
_c
BK
654
_a
Auto cad release 11
245
_a
Illustrated Auto Cad Release 11
260
_b
B.P.B. Pub
_a
New Delhi
_c
1992
300
_a
550
546
_a
ENGLISH
999
_c
33404
_d
33404